000 00469nam a2200169 a 4500
001 38028
005 20180714011154.0
008 140415s1997 000 0 spa d
020 _a9701013239
041 _aspa
082 _a617.632
_bLIE
100 1 _aLIEBANA UREÑA, JOSE
245 1 0 _aMICROBIOLOGIA ORAL
260 _a[s.l.] :
_bMCGRAW-HILL INTERAMERICANA EDITORES,
_c1997
300 _a565
650 1 4 _aBACTERIOLOGIA DE LA BOCA
_xMICROBIOLOGIA
999 _c38028
_d38028